MDQL
is popping MORE tags! Check the
thread
!
Quizzes
Events
Quiz Creation
Community
Videos
Private Events
Remove Ads
Sign In
Join for FREE
Feedback
Dark Mode
Quiz Categories
Sports
Geography
Music
Movies
Television
Just For Fun
Miscellaneous
History
Literature
Language
Science
Gaming
Entertainment
Religion
Holiday
For Kids
Quiz Lab
Recent
Popular Today
Quiz Kudos Today
Editor Picks
Curator Picks
Quizzes by...
Day
Popularity
Type
Ratings
Length
Year
Community
Subscriptions
Recent Discussions
Orange Saloon
Badges
Playlists
Quests
Create
Leaderboards
Showdown
Live 5
Trivia Bingo
Activity
Puzzle Library
Sporcle Events
Private Events
Virtual Trivia
Globe League
Become a Host
Pub Owners
SporcleCon
Opinionation
Our Games
Videos
Blog
Mobile Apps
Partnerships
Remove Ads and Go Orange
Feedback
Sports
Athletes
MLB
NBA
NHL
NFL
Soccer
Sports Teams
WWE
NCAA
Football
Premier League
Basketball
Baseball
Hockey
Golf
Tennis
Cricket
Rugby
Auto Racing
Olympics
World Cup
Sports
Athletes
MLB
NBA
NHL
NFL
Soccer
Sports Teams
WWE
NCAA
Football
Premier League
Basketball
Baseball
Hockey
Golf
Tennis
Cricket
Rugby
Auto Racing
Olympics
World Cup
Random Quiz
Search Sporcle
×
Quiz Lab
Quiz Lab
Sports
State
Type in answers that appear in a list
Type in answers that appear in a list
Classic
Best Score? Go Orange.
Penn State Yearly Rushing Leaders Stats
Name the players who have led Penn State in rushing yards each season since 1950
By
zakyoung735
10m
65 Questions
204 Plays
204 Plays
204 Plays
Comments
Comments
Give Quiz Kudos
Give Quiz Kudos
-
- Ratings
hide this ad
Replay
Link that replays current quiz
Next Quiz
Link to next quiz in quiz playlist
You Got
0%
They Got
Avg Score
40%
Avg Friend Score
Upgrade to see
Score Distribution
Jump to the score distribution portion of the page
Score
0/65
Timer
10:00
0
Plays Today
Year
Player
% Correct
2001
Larry Johnson
94.1%
2002
Larry Johnson
94.1%
1993
Ki-Jana Carter
89.7%
1994
Ki-Jana Carter
89.7%
1995
Curtis Enis
71.1%
1996
Curtis Enis
71.1%
1997
Curtis Enis
71.1%
1980
Curt Warner
67.2%
1981
Curt Warner
67.2%
1982
Curt Warner
67.2%
2004
Tony Hunt
65.7%
2005
Tony Hunt
65.7%
2006
Tony Hunt
65.7%
2008
Evan Royster
65.2%
2009
Evan Royster
65.2%
2010
Evan Royster
65.2%
1987
Blair Thomas
64.2%
1989
Blair Thomas
64.2%
1970
Lydell Mitchell
58.3%
1971
Lydell Mitchell
58.3%
1983
D.J. Dozier
56.4%
1984
D.J. Dozier
56.4%
1985
D.J. Dozier
56.4%
1986
D.J. Dozier
56.4%
1972
John Cappelletti
54.9%
1973
John Cappelletti
54.9%
2011
Silas Redd
52%
2012
Zach Zwinak
51%
2013
Zach Zwinak
51%
2014
Akeel Lynch
47.1%
1953
Lenny Moore
45.1%
1954
Lenny Moore
45.1%
1955
Lenny Moore
45.1%
Year
Player
% Correct
1998
Eric McCoo
39.2%
1999
Eric McCoo
39.2%
2000
Eric McCoo
39.2%
2003
Austin Scott
38.2%
1977
Matt Suhey
36.8%
1978
Matt Suhey
36.8%
1979
Matt Suhey
36.8%
1991
Richie Anderson
34.8%
1992
Richie Anderson
34.8%
2007
Rodney Kinlaw
31.9%
1988
Gary Brown
31.4%
1990
Leroy Thompson
24.5%
1967
Charlie Pittman
16.2%
1968
Charlie Pittman
16.2%
1969
Charlie Pittman
16.2%
1959
Richie Lucas
7.8%
1976
Steve Geise
6.9%
1974
Tom Donchez
5.9%
1966
Bob Campbell
4.9%
1975
Woody Petchel
2.5%
1952
Bob Pollard
2%
1957
Dave Kasperian
2%
1958
Dave Kasperian
2%
1960
Jim Kerr
2%
1961
Roger Kochman
2%
1962
Roger Kochman
2%
1950
Tony Orsini
1.5%
1951
Ted Shattuck
1.5%
1956
Billy Kane
1.5%
1963
Gary Klingensmith
1.5%
1964
Tom Urbanik
1.5%
1965
Dave McNaughton
1.5%
Quiz Playlist
Details
Report
Send in Message
Add To Playlist
Classic:
Type in answers that appear in a list
Last Updated: Feb 16, 2017
Quiz Scoreboard
CHALLENGE
Sign Up to Join the Scoreboard
Show All
Scores
Hide
Comments
May contain spoilers
Recently Published
Find the 'City' Movie
by crazypaving
Movies
60s
5x2 Blitz: Bands
by SL_Kpop136
Music
30s
Colored Red Africa Blitz
by spor1
Geography
30s
More to Explore
Quiz From the Vault
Featured Blog Post
14 Easter Pick-up Lines to Find Eggs With
hide this ad
You Might Also Like...
Tags
State Quiz
1950
Leader
penn
Penn State
Player
Rushing
season
Yard
Today's Top Quizzes in Sports
Browse Sports
hide this ad
Today's Top Quizzes in State
Browse State
Top Contributed Quizzes in Sports
1
Les entraîneurs de l'OM et du PSG au 21e siècle
2
Les meilleurs buteurs des matchs entre le PSG et l’OM
3
Players with Multiple 50 Home Run Seasons
4
2022 World Cup Stars
5
Les joueurs passés par le PSG et l'OM
6
NBA Logic Puzzle 2.0
7
Criteria MLB: Left Handed Sluggers
8
MLB Players with Two .350 Batting Average Seasons
9
Top 10 NHL Goal Scorers of All Time
10
Who Hit More Homers?
Explore More
Trending Topics
Anime
Disney
NBA
Harry Potter
Kpop
Crossword
Marvel
Song
Country
Puzzle
WWE
NFL
The Office
Pokémon
Soccer
hide this ad
More By:
zakyoung735
Quiz
Plays
Rating
Category
Featured
Created
Derek Jeter Tenured Teammates
3,528
4.64
Sports
Sep 17, 2014
Pittsburgh Pirates Top 50 Home Runs
896
4.17
Sports
Jun 4, 2014
Pittsburgh Pirates Top 50 Wins
627
4.75
Sports
Jun 4, 2014
NFL 10,000 Passing Yards One Team
617
4.70
Sports
Sep 22, 2014
NFL 1,500 Rushing Yard Seasons
525
4.38
Sports
Oct 17, 2014
Go to Creator's Profile
Score Distribution
Quiz Creator Spotlight
zakyoung735
Follow
Send a Message
Quizzes Created
-
Created Quiz Play Count
-
More By This Creator
Popular Quizzes Today
1
Colored Red Africa Blitz
2
Find the 'City' Movie
3
Find the US States - No Outlines Minefield
4
5x2 Blitz: Bands
5
The Countries of the World
6
Find the US States
7
Find the Countries of Europe - No Outlines Minefield
8
US States
More Sports Quizzes
Houston Astros World Series Opponents
Quiz Lab
Trending Quizzes
Colored Red Europe Blitz I
Colored Red Africa Blitz II
Colored Red Europe Blitz II
Colored Red Africa Blitz III
Colored Red Europe Blitz III
Recently Updated
How Do You Spell That?
pecheneg
Godzilla Movies
pecheneg
Grab Bag: 4-10 Letters
pecheneg
2024 March Madness Bracket
pecheneg
Famous TV Couples
Peacemaker
Champions League XIs: Real Madrid
pecheneg
Largest US Cities 1790-2010
pecheneg
Rides in Walt Disney World
pecheneg
Most Oscar Losses (Acting)
pecheneg
Beyoncé Albums
pecheneg
Trending Topics
Disney
Kpop
NBA
Anime
Crossword
Harry Potter
Marvel
WWE
Soccer
NFL
Song
The Office
Country
Puzzle
Pokémon
Your Account Isn't Verified!
In order to create a playlist on Sporcle, you need to verify the email address you used during registration. Go to your
Sporcle Settings
to finish the process.
Report this User
Report this user for behavior that violates our
Community Guidelines
.
Details:
Send Report
Go to the Sporcle.com Mobile Site →
Comments